000 00653nam a2200229Ia 4500
001 3012
003 GE_BSU
008 181216s||||||||xx |||||||||||||| ||und||
020 _a5856392167
040 _cGE_BSU
080 _a338.24(075.8)
100 _aХодов, А. Г.
245 _aОсновы государственной экономической политики
245 _bУчебник
260 _aМосква
260 _bБЕК
260 _c1997
300 _a332 с. 21 см.
541 _h8 л. 35 т.
653 _aОсновы государственной экономической политики
942 _cBK
999 _c37058
_d37058